• 首页
  • 本馆介绍
  • 公告通知
  • 最新文献
  • 馆藏检索
  • 电子资源
  • 读者导购
  • 参考咨询
  • 我的图书馆
  • 登录
  • 详细信息显示
  • 放入我的书架
  • 预约/预借图书
  • 作者相关作品
  • 分类相关作品
  • 丛书相关作品
  • 出版社相关作品

书目信息

  • 表格格式
  • 工作单格式
  • 卡片格式
题名:
新唯识论
    
 
作者: 熊十力 著
分册:  
出版信息: 北京   中国书籍出版社  2020.03
页数: 410页
开本: 23cm
丛书名: 中国学术论著精品丛刊
单 册:
中图分类: B946.3 , B94
科图分类:
主题词: 唯识宗--wei shi zong--研究
电子资源:
ISBN: 978-7-5068-7730-5
000 00950nam 2200289 450
001 2142615512
005 20211130115028.05
010    @a978-7-5068-7730-5@dCNY78.00
100    @a20200610d2020 em y0chiy50 ea
101 0  @achi
102    @aCN@b110000
105    @ay z 000yy
200 1  @a新唯识论@Axin wei shi lun@f熊十力著
210    @a北京@c中国书籍出版社@d2020.03
215    @a410页@d23cm
225 2  @a中国学术论著精品丛刊@Azhong guo xue shu lun zhu jing pin cong kan
300    @a百年百卷
330    @a本书为熊十力最主要的哲学著作, 标志着熊十力哲学思想体系的完全成熟。内容包括: 明宗 ; 唯识上 ; 唯识下 ; 转变 ; 功能上 ; 功能下 ; 成物 ; 明心上 ; 明心下。
410  0 @12001 @a中国学术论著精品丛刊
606 0  @a唯识宗@Awei shi zong@x研究
690    @aB946.3@v5
690    @aB94@v4
701  0 @a熊十力@Axiong shi li@4著
801  0 @aCN@b人天书店@c20200610
902    @aRt929-0546
905    @aZUCC@dB94@e10
962    @a6957555
    
    新唯识论/熊十力著.-北京:中国书籍出版社,2020.03
    410页;23cm.-(中国学术论著精品丛刊)
    百年百卷
    
    ISBN 978-7-5068-7730-5:CNY78.00
    本书为熊十力最主要的哲学著作, 标志着熊十力哲学思想体系的完全成熟。内容包括: 明宗 ; 唯识上 ; 唯识下 ; 转变 ; 功能上 ; 功能下 ; 成物 ; 明心上 ; 明心下。
●
相关链接 在五车中查询图书 在当当中查询图书 在豆瓣中查询图书


正题名:新唯识论     索取号:B94/10         预约/预借

序号 登录号 条形码 馆藏地/架位号 状态 备注
1 2000891487   2000891487   思政阅览室/思1架B面2层1列/ [索取号:B94/10] 在馆    
山东省滨州职业学院图书馆 欢迎您!
大连网信软件有限公司© 版权所有